Giving their word : (Record no. 1166)
[ view plain ]
| 000 -LEADER | |
|---|---|
| fixed length control field | 00641nam a2200169 ar4500 |
| 001 - CONTROL NUMBER | |
| control field | 1167 |
| 005 - DATE AND TIME OF LATEST TRANSACTION | |
| control field | 20221127090142.0 |
| 008 - FIXED-LENGTH DATA ELEMENTS--GENERAL INFORMATION | |
| fixed length control field | 090228s xxu 0001p|eng d |
| 020 ## - INTERNATIONAL STANDARD BOOK NUMBER | |
| International Standard Book Number | 1558494413 : |
| Terms of availability | SR00.00 |
| 082 04 - DEWEY DECIMAL CLASSIFICATION NUMBER | |
| Classification number | 811.5409 |
| Item number | G449 2002 |
| 245 00 - TITLE STATEMENT | |
| Title | Giving their word : |
| Remainder of title | conservations with contemporary poets / |
| Statement of responsibility, etc. | edited by Steven Ratiner. |
| 260 ## - PUBLICATION, DISTRIBUTION, ETC. | |
| Place of publication, distribution, etc. | Amherst, Mass. ; |
| -- | Boston : |
| Name of publisher, distributor, etc. | University of Massachusetts Press, |
| Date of publication, distribution, etc. | 2002. |
| 300 ## - PHYSICAL DESCRIPTION | |
| Extent | xiii, 268 p. ; |
| Dimensions | 23 cm. |
| 650 #4 - SUBJECT ADDED ENTRY--TOPICAL TERM | |
| Topical term or geographic name entry element | American poetry |
| Chronological subdivision | 20th century |
| General subdivision | History and criticism. |
| 650 #4 - SUBJECT ADDED ENTRY--TOPICAL TERM | |
| Topical term or geographic name entry element | American literature |
| Chronological subdivision | 20th century |
| General subdivision | History and criticism. |
| 700 0# - ADDED ENTRY--PERSONAL NAME | |
| Personal name | Ratiner, Steven, |
| Relator term | editor. |
| Withdrawn status | Lost status | Source of classification or shelving scheme | Damaged status | Not for loan | Home library | Current library | Date acquired | Total Checkouts | Full call number | Barcode | Date last seen | Copy number | Price effective from | Koha item type |
|---|---|---|---|---|---|---|---|---|---|---|---|---|---|---|
| CENTRAL | CENTRAL | 11/27/2022 | 811.5409 G449 2002 | 1000000001047 | 11/27/2022 | C1 | 11/27/2022 | Book |
